banner-ar

Cancer of the skin / (Record no. 64147)

MARC details
000 -الفاتح
حقل البيانات ثابتة الطول 00520nam a22001817a 4500
005 - وقت وتاريخ اخر تعامل مع التسجيلة
رقم الضبط 20240530110717.0
008 - عناصر البيانات ثابتة الطول - معلومات عامة
حقل البيانات ثابتة الطول 180303s xxu||||| |||| 000 0 eng d
020 ## - الرقم الدولى المعيارى للكتب
الرقم الدولى المعيارى للكتاب 9781496333933
040 ## - مصدر الفهرسة
وكالة الفهرسة الأصلية EG-CaGPL
082 04 - رقم تصنيف ديوى العشرى
رقم الطبعة 21
رقم التصنيف 616.994\
رقم المادة D C
100 1# - المدخل الرئيسى - إسم شخصى
الإسم الشخصى DeVita, Jr.,Vincent T.
245 00 - بيان العنوان
العنوان Cancer of the skin /
بيان المسئوليه,etc [edited by] Vincent T. DeVita, Jr., Theodore S. Lawrence, Steven A. Rosenberg
300 ## - الوصف المادى
التعداد 546 pages ;
أبعاد الوعاء 28 cm.
650 #0 - المدخل الاضافى بالموضوع-مصطلح موضوعى
مصطلح موضوعي Cancer
650 #0 - المدخل الاضافى بالموضوع-مصطلح موضوعى
مصطلح موضوعي skin
942 ## - عناصر المدخل الإضافي( كوها)
مصدر التصنيف او مخطط الترفيف Dewey Decimal Classification
Koha [default] item type كتاب
260 ## - PUBLICATION, DISTRIBUTION, ETC. (IMPRINT)
-- Philadelphia :
Holdings
حالة التراجع حالة الفقد حالة تلف ليس للاعارة المكان المؤقت الموقع الحالى موقع الترفيف تاريخ الاكتساب اجمالي اﻻعارات رقم الطلب الباركود تاريخ اخر مشاهدة تاريخ تفعيل السعر نوع وعاء كوها
        مكتبة القاهرة الكبرى مكتبة القاهرة الكبرى   03/03/2018   616.994\ D C 164288 03/03/2018 03/03/2018 كتاب

Powered By

EGPV